Hygienické minimum pro ošetřovatele skotu /

Uložené v:
Podrobná bibliografia
Hlavný autor: Lankašová, Taťána (Author)
Médium: Kniha
Jazyk:Czech
Vydané: Praha : Ústav zdravotní výchovy, 1968.
ISBN: (brož.)
Fyzický popis: 15 s.
Tagy: Pridať tag
Žiadne tagy, Buďte prvý kto otaguje tento záznam!

MARC

LEADER 00000nam a2200000 a 4500
001 000425813
005 20130706110258.0
008 090506s1968 xr e cze d
020 |a (brož.) 
040 |a SVKKK  |b slo  |c SVKKK  |e AACR2 
041 0 |a cze 
044 |a xr  |c CZ 
100 1 |a Lankašová, Taťána  |4 aut 
245 1 0 |a Hygienické minimum pro ošetřovatele skotu /  |c Taťána Lankašová. 
260 |a Praha :  |b Ústav zdravotní výchovy,  |c 1968. 
300 |a 15 s. 
910 |a svkkk 
998 |a BK 
090 |g SCKHL  |k Sklad Hlavná 10 suterén  |a I.34611  |j 398301  |i 2720626116  |s Absenčne